AH International Schools' Libraries

(Khmer) Moral education for children / (Record no. 49930)

MARC details
000 -LEADER
fixed length control field 00254nam a2200097 4500
020 ## - INTERNATIONAL STANDARD BOOK NUMBER
International Standard Book Number 9789924579786
245 ## - TITLE STATEMENT
Title (Khmer) Moral education for children /
Statement of responsibility, etc Sou Sopheaktra.
260 ## - PUBLICATION, DISTRIBUTION, ETC. (IMPRINT)
Place of publication, distribution, etc Cambodia:
Name of publisher, distributor, etc Heart Kids;
Date of publication, distribution, etc 2025.
300 ## - PHYSICAL DESCRIPTION
Extent 161 p.
942 ## - ADDED ENTRY ELEMENTS (KOHA)
Source of classification or shelving scheme
Koha item type Book
Holdings
Withdrawn status Lost status Source of classification or shelving scheme Damaged status Not for loan Collection code Home library Current library Date acquired Full call number Barcode Date last seen Price effective from Koha item type Total Checkouts
          Siem Riep Asian Hope Siem Reap Asian Hope Siem Reap 12/10/2025 KHMER 370.114 SOU 209677 12/10/2025 12/10/2025 Book  
          Siem Riep Asian Hope Siem Reap Asian Hope Siem Reap 12/10/2025 KHMER 370.114 SOU 209697 12/10/2025 12/10/2025 Book  

For any Logos Library related questions please contact Miss Art at swongnarasuk@asianhope.org.

For any Asian Hope Library related questions please contact Miss Raza at graza@asianhope.org.

Click here to explore our ebooks!

Powered by Koha